Normal view MARC view
  • Brandan, María Ester,

Entry Nombre Personal

Number of records used in: 4

001 - NUMERO DE CONTROL

  • campo de control: 33916

003 - IDENTIFICADOR DE NUMERO DE CONTROL

  • campo de control: UPN

005 - FECHA Y HORA DE LA ÜLTIMA TRANSACCIÓN

  • campo de control: 20210219194447.0

008 - DATOS DE LONGITUD FIJA

  • campo de control de longitud fija: nabaccnnaabn|||||||||| b |nc|||||d

035 ## - NUMERO DE CONTROL

  • Número de control: UPN11000006023

040 ## - FUENTE DE CATALOGACIÓN

  • Lenguaje de catalogación: SPA
  • Agencia de transcripción: UPN

100 1# - ENCABEZAMIENTO - NOMBRE PERSONAL

  • Nombre personal: Brandan, María Ester,
  • Fechas asociadas con el nombre: 1951-

400 1# - VEÁSE - NOMBRE DE PERSONA

  • Personal name: Brandan Siqués, María Ester

400 1# - VEÁSE - NOMBRE DE PERSONA

  • Personal name: Brandan S., María Ester

670 ## - FUENTE EN LA QUE SE LOCALIZARON DATOS

  • Cita de la fuente: T
  • Uniform Resource Identifier: http://www.eluniversal.com.mx/cultura/40995.html

680 ## - NOTA PUBLICA DE ACCESO PÚBLICO

  • Frase explicativa de la referencia: Física nuclear experimental chilena

902 ## - CATALOGADOR

  • Catalogador: MITM/140813